[Event "4. Internacional Cidade de São Paulo"]
[Site "São Paulo BRA"]
[Date "2005.11.10"]
[Round "1.1"]
[White "Fier, Alexandr Hilario"]
[Black "Matsuura, Everaldo"]
[Result "1/2-1/2"]
[WhiteElo "2443"]
[BlackElo "2453"]
[PlyCount "91"]
[EventDate "2005.11.10"]
[EventType "tourn"]
[EventRounds "9"]
[EventCountry "BRA"]
[EventCategory "11"]
[Source "lmi"]
[SourceDate "2005.11.18"]

1. e4 d6 2. d4 Nf6 3. Nc3 e5 4. Nf3 Nbd7 5. Bc4 Be7 6. h3 c6 7. O-O b5 8. Bb3
O-O 9. a3 Bb7 10. Re1 a6 11. Bg5 c5 12. dxe5 dxe5 13. Bxf6 Nxf6 14. Bd5 Nxd5
15. Nxd5 Qd6 16. Qe2 Bxd5 17. exd5 Qxd5 18. Nxe5 Bf6 19. Rad1 Qxe5 20. Qxe5
Bxe5 21. Rxe5 c4 22. Rd6 Rfd8 23. Red5 Rxd6 24. Rxd6 Kf8 25. Kf1 Ke7 26. Rb6
Kd7 27. Rb7+ Ke6 28. Ke2 Rd8 29. Ke3 Rd6 30. Rc7 Rd1 31. Rc6+ Kd5 32. Rxa6 Rb1
33. Ra7 Rxb2 34. Kd2 Ra2 35. Rxf7 g6 36. Rf3 Ra1 37. h4 Rh1 38. Kc3 Rxh4 39.
Kb4 Rh1 40. Kxb5 Rb1+ 41. Ka5 Rb2 42. c3 Kc5 43. Rf8 Rb3 44. Rc8+ Kd5 45. Rd8+
Kc5 46. Rc8+ 1/2-1/2

[Event "4. Internacional Cidade de São Paulo"]
[Site "São Paulo BRA"]
[Date "2005.11.10"]
[Round "1.2"]
[White "Lima, Darcy Gustavo"]
[Black "Galego, Luis"]
[Result "1/2-1/2"]
[WhiteElo "2529"]
[BlackElo "2522"]
[PlyCount "23"]
[EventDate "2005.11.10"]
[EventType "tourn"]
[EventRounds "9"]
[EventCountry "BRA"]
[EventCategory "11"]
[Source "lmi"]
[SourceDate "2005.11.18"]

1. d4 d6 2. e4 Nf6 3. Nc3 c6 4. Nf3 Bg4 5. Be2 Nbd7 6. Be3 e5 7. O-O Be7 8. a4
O-O 9. Nd2 Bxe2 10. Qxe2 Re8 11. dxe5 dxe5 12. Nc4 1/2-1/2

[Event "4. Internacional Cidade de São Paulo"]
[Site "São Paulo BRA"]
[Date "2005.11.10"]
[Round "1.3"]
[White "Vescovi, Giovanni Portilho"]
[Black "Milos Jr, Gilberto"]
[Result "1-0"]
[WhiteElo "2646"]
[BlackElo "2620"]
[PlyCount "123"]
[EventDate "2005.11.10"]
[EventType "tourn"]
[EventRounds "9"]
[EventCountry "BRA"]
[EventCategory "11"]
[Source "lmi"]
[SourceDate "2005.11.18"]

1. e4 c5 2. Nf3 Nc6 3. d4 cxd4 4. Nxd4 Nf6 5. Nc3 d6 6. f3 e5 7. Nb3 Be7 8. Be3
O-O 9. Qd2 a5 10. Bb5 Na7 11. Be2 Be6 12. Rd1 Nc8 13. Qc1 Qc7 14. Nb5 Qc6 15.
c4 a4 16. Na1 Bd8 17. Nc2 Bxc4 18. Ncd4 exd4 19. Nxd4 Qe8 20. Bxc4 d5 21. Bb5
Qe7 22. O-O Nd6 23. Nf5 Nxf5 24. exf5 Bc7 25. Bc5 Bd6 26. Bd4 Rfc8 27. Qd2 Bc5
28. a3 Qe5 29. g4 h6 30. Qb4 Bxd4+ 31. Qxd4 Qe7 32. Rc1 h5 33. g5 Rxc1 34. Rxc1
Nh7 35. f6 gxf6 36. gxf6 Nxf6 37. Kh1 Qd6 38. Bxa4 Kf8 39. Bb5 Rd8 40. Rg1 Rc8
41. Bd3 Re8 42. Bb5 Re6 43. Rc1 Qb6 44. Qb4+ Qd6 45. Qd2 Qe5 46. Rc8+ Ne8 47.
Rd8 d4 48. Qb4+ Kg7 49. Qxd4 Qxd4 50. Rxd4 Nc7 51. Bc4 Re1+ 52. Kg2 b5 53. Bf1
Rb1 54. Rb4 Nd5 55. Rb3 f5 56. Bxb5 f4 57. a4 Ne3+ 58. Kh3 Kf6 59. a5 Rg1 60.
Rd3 Rg5 61. a6 Rxb5 62. a7 1-0

[Event "4. Internacional Cidade de São Paulo"]
[Site "São Paulo BRA"]
[Date "2005.11.10"]
[Round "1.4"]
[White "Rodriguez, Andres"]
[Black "Leitao, Rafael Duailibe"]
[Result "1/2-1/2"]
[WhiteElo "2479"]
[BlackElo "2586"]
[PlyCount "90"]
[EventDate "2005.11.10"]
[EventType "tourn"]
[EventRounds "9"]
[EventCountry "BRA"]
[EventCategory "11"]
[Source "lmi"]
[SourceDate "2005.11.18"]

1. e4 c6 2. d4 d5 3. Nc3 dxe4 4. Nxe4 Bf5 5. Ng3 Bg6 6. Bc4 e6 7. N1e2 Bd6 8.
O-O Nd7 9. Nf4 Bxf4 10. Bxf4 Ngf6 11. Be2 O-O 12. Bf3 Re8 13. Re1 a5 14. c4 a4
15. Rc1 Qa5 16. Qe2 Qb4 17. a3 Qb6 18. c5 Qa6 19. Qxa6 Rxa6 20. Rc4 Ra7 21. Bd6
Rea8 22. Nf1 Bh5 23. Bxh5 Nxh5 24. Ne3 Nhf6 25. Rb4 h6 26. f3 Ne8 27. Nc4 Nef6
28. Ne3 Ne8 29. Bf4 Ndf6 30. g4 Rc8 31. Rc1 Nd5 32. Nxd5 exd5 33. Re1 Nc7 34.
Re7 Nb5 35. Rd7 Rca8 36. Bc7 Kf8 37. Rxb5 Ke8 38. Rd6 cxb5 39. Bb6 Ra6 40. Rxd5
Rc8 41. h4 Rc6 42. Rd8+ Ke7 43. Rg8 Raxb6 44. cxb6 Rxb6 45. Kf2 b4 1/2-1/2

[Event "4. Internacional Cidade de São Paulo"]
[Site "São Paulo BRA"]
[Date "2005.11.10"]
[Round "1.5"]
[White "Sunye Neto, Jaime"]
[Black "Limp, Eduardo Thelio"]
[Result "1/2-1/2"]
[WhiteElo "2522"]
[BlackElo "2447"]
[PlyCount "89"]
[EventDate "2005.11.10"]
[EventType "tourn"]
[EventRounds "9"]
[EventCountry "BRA"]
[EventCategory "11"]
[Source "lmi"]
[SourceDate "2005.11.18"]

1. c4 c6 2. Nf3 d5 3. d4 Nf6 4. Nc3 g6 5. cxd5 cxd5 6. Bg5 Bg7 7. e3 O-O 8. Be2
Nc6 9. O-O Ne4 10. Nxe4 dxe4 11. Nd2 f5 12. d5 Ne5 13. Qb3 Nf7 14. Bh4 g5 15.
Bg3 Nd6 16. f4 exf3 17. Bxf3 b5 18. Be2 Bd7 19. Bd3 Qb6 20. Bf2 Qa5 21. Rad1
Rac8 22. a3 Qa4 23. Qa2 b4 24. Ra1 Bb5 25. Bxb5 Qxb5 26. axb4 Rc2 27. Nf3 Rxb2
28. Qxa7 Ne4 29. Qxe7 Rxf2 30. Rxf2 Bxa1 31. Nxg5 Nxg5 32. Qxg5+ Kh8 33. Rxf5
Rg8 34. Qf4 Qe2 35. Qf2 Qd3 36. Rf8 Qxd5 37. Rxg8+ Kxg8 38. Qf3 Qe5 39. Qg4+
Kf7 40. Qf4+ Ke6 41. Qxe5+ Bxe5 42. Kf2 Kd5 43. Kf3 Bxh2 44. g3 Kc4 45. Kg2
1/2-1/2

[Event "4. Internacional Cidade de São Paulo"]
[Site "São Paulo BRA"]
[Date "2005.11.11"]
[Round "2.1"]
[White "Matsuura, Everaldo"]
[Black "Limp, Eduardo Thelio"]
[Result "1-0"]
[WhiteElo "2453"]
[BlackElo "2447"]
[PlyCount "43"]
[EventDate "2005.11.10"]
[EventType "tourn"]
[EventRounds "9"]
[EventCountry "BRA"]
[EventCategory "11"]
[Source "lmi"]
[SourceDate "2005.11.18"]

1. e4 c5 2. c3 Nf6 3. e5 Nd5 4. d4 cxd4 5. Nf3 e6 6. cxd4 b6 7. Nc3 Nxc3 8.
bxc3 Qc7 9. Bd2 d6 10. Ng5 Bb7 11. Qh5 g6 12. Qh3 dxe5 13. Bb5+ Bc6 14. Bd3 Nd7
15. O-O Bg7 16. Rae1 Qd6 17. f4 e4 18. Bxe4 Bxe4 19. Nxe4 Qe7 20. f5 gxf5 21.
Rxf5 h6 22. Bf4 1-0

[Event "4. Internacional Cidade de São Paulo"]
[Site "São Paulo BRA"]
[Date "2005.11.11"]
[Round "2.2"]
[White "Leitao, Rafael Duailibe"]
[Black "Sunye Neto, Jaime"]
[Result "1-0"]
[WhiteElo "2586"]
[BlackElo "2522"]
[PlyCount "65"]
[EventDate "2005.11.10"]
[EventType "tourn"]
[EventRounds "9"]
[EventCountry "BRA"]
[EventCategory "11"]
[Source "lmi"]
[SourceDate "2005.11.18"]

1. e4 c5 2. Nf3 e6 3. d4 cxd4 4. Nxd4 Nc6 5. Nc3 Qc7 6. Be2 a6 7. O-O Nf6 8.
Kh1 Bb4 9. Bg5 Bxc3 10. Bxf6 Bxd4 11. Bxd4 Nxd4 12. Qxd4 O-O 13. c3 b5 14. a4
bxa4 15. Rxa4 Bb7 16. Rd1 Rfb8 17. b4 Rc8 18. c4 g6 19. Raa1 Rd8 20. c5 e5 21.
Qc4 Bc6 22. Rxa6 Rxa6 23. Qxa6 Rb8 24. b5 Bxe4 25. Qd6 Qxd6 26. Rxd6 Rc8 27. f3
Bf5 28. b6 Rb8 29. g4 Be6 30. Bb5 Rb7 31. Rxe6 dxe6 32. Ba6 Rb8 33. b7 1-0

[Event "4. Internacional Cidade de São Paulo"]
[Site "São Paulo BRA"]
[Date "2005.11.11"]
[Round "2.3"]
[White "Milos Jr, Gilberto"]
[Black "Rodriguez, Andres"]
[Result "1/2-1/2"]
[WhiteElo "2620"]
[BlackElo "2479"]
[PlyCount "96"]
[EventDate "2005.11.10"]
[EventType "tourn"]
[EventRounds "9"]
[EventCountry "BRA"]
[EventCategory "11"]
[Source "lmi"]
[SourceDate "2005.11.18"]

1. d4 f5 2. Nc3 Nf6 3. Bg5 d5 4. Bxf6 exf6 5. e3 Be6 6. h4 h5 7. Nh3 Nc6 8. Nf4
Bf7 9. Qf3 Bb4 10. a3 Bxc3+ 11. bxc3 Na5 12. Bb5+ c6 13. Bd3 Qd7 14. Qg3 g6 15.
O-O Nc4 16. Bxc4 dxc4 17. f3 Rg8 18. Qh3 O-O-O 19. e4 g5 20. hxg5 fxg5 21. Nxh5
g4 22. fxg4 fxg4 23. Qh4 Rh8 24. Rf5 Bg6 25. Rg5 Bxe4 26. Qxg4 Qxg4 27. Rxg4
Bxg2 28. Kxg2 Rxh5 29. Rg7 Rb5 30. Kf3 Rb2 31. Rg2 a6 32. Rh2 Re8 33. a4 Re7
34. Rg2 Kc7 35. Rh2 a5 36. Kf4 Kb6 37. Rg2 Ka6 38. Rh2 Rb6 39. Rd1 Ka7 40. Rg2
Rb2 41. Ra1 Kb6 42. Rh2 Kc7 43. Rg2 Rb6 44. Rag1 c5 45. Rg6 Rxg6 46. Rxg6 Re2
47. Rg7+ Kc6 48. Rg6+ Kc7 1/2-1/2

[Event "4. Internacional Cidade de São Paulo"]
[Site "São Paulo BRA"]
[Date "2005.11.11"]
[Round "2.4"]
[White "Galego, Luis"]
[Black "Vescovi, Giovanni Portilho"]
[Result "1/2-1/2"]
[WhiteElo "2522"]
[BlackElo "2646"]
[PlyCount "30"]
[EventDate "2005.11.10"]
[EventType "tourn"]
[EventRounds "9"]
[EventCountry "BRA"]
[EventCategory "11"]
[Source "lmi"]
[SourceDate "2005.11.18"]

1. c4 Nf6 2. Nc3 g6 3. g3 Bg7 4. Bg2 O-O 5. e3 e6 6. Nge2 d5 7. cxd5 exd5 8. d4
a5 9. O-O c6 10. f3 Na6 11. e4 Be6 12. e5 Nd7 13. Nf4 Nc7 14. Be3 f6 15. Nxe6
Nxe6 1/2-1/2

[Event "4. Internacional Cidade de São Paulo"]
[Site "São Paulo BRA"]
[Date "2005.11.11"]
[Round "2.5"]
[White "Fier, Alexandr Hilario"]
[Black "Lima, Darcy Gustavo"]
[Result "1/2-1/2"]
[WhiteElo "2443"]
[BlackElo "2529"]
[PlyCount "100"]
[EventDate "2005.11.10"]
[EventType "tourn"]
[EventRounds "9"]
[EventCountry "BRA"]
[EventCategory "11"]
[Source "lmi"]
[SourceDate "2005.11.18"]

1. e4 c5 2. Nf3 Nc6 3. d4 cxd4 4. Nxd4 Nf6 5. Nc3 d6 6. Bg5 e6 7. Qd2 a6 8.
O-O-O Bd7 9. f4 h6 10. Bh4 Nxe4 11. Qe1 Nf6 12. Nf5 Qa5 13. Nxd6+ Bxd6 14. Rxd6
Qc7 15. Qd2 O-O-O 16. Bxf6 gxf6 17. Ne4 Ne7 18. Nxf6 Bc6 19. Rxd8+ Rxd8 20. Qe3
Qd6 21. Bd3 Nd5 22. Nxd5 Qxd5 23. b3 Qxg2 24. Re1 Qxh2 25. f5 exf5 26. Bxf5+
Kb8 27. Re2 Qd6 28. Bd3 Re8 29. Qf2 Rxe2 30. Bxe2 Qe5 31. a4 f5 32. Kd2 f4 33.
Qb6 Qd6+ 34. Kc1 Ka8 35. a5 f3 36. Bf1 Qf4+ 37. Kb1 Qd6 38. Bd3 Qf6 39. b4 f2
40. Bf1 Qd6 41. Kc1 Qf4+ 42. Kb1 Qd2 43. Kb2 Bb5 44. Qc5 Qf4 45. c4 Bc6 46. Kb3
Qf3+ 47. Kb2 Qf4 48. Kb3 Qf7 49. Qd6 Qf3+ 50. Kb2 Ba4 1/2-1/2

[Event "4. Internacional Cidade de São Paulo"]
[Site "São Paulo BRA"]
[Date "2005.11.12"]
[Round "3.1"]
[White "Lima, Darcy Gustavo"]
[Black "Matsuura, Everaldo"]
[Result "0-1"]
[WhiteElo "2529"]
[BlackElo "2453"]
[PlyCount "112"]
[EventDate "2005.11.10"]
[EventType "tourn"]
[EventRounds "9"]
[EventCountry "BRA"]
[EventCategory "11"]
[Source "lmi"]
[SourceDate "2005.11.18"]

1. e4 c5 2. Nf3 Nc6 3. Nc3 g6 4. Bb5 Nd4 5. Ba4 Bg7 6. O-O a6 7. Nxd4 cxd4 8.
Ne2 b5 9. Bb3 Bb7 10. d3 e6 11. Bf4 d5 12. Ng3 e5 13. Bd2 Ne7 14. f4 exf4 15.
Bxf4 O-O 16. Qd2 dxe4 17. dxe4 Nc6 18. Bg5 Qd6 19. Bh6 Ne5 20. Bxg7 Kxg7 21.
Qg5 Kh8 22. Rf6 Qc5 23. Kh1 Nd7 24. Qf4 Qe5 25. Qxe5 Nxe5 26. Rd1 Rad8 27. Ne2
d3 28. cxd3 Nxd3 29. Nc3 Kg7 30. Rdf1 Rd7 31. Bd5 b4 32. Nd1 Bxd5 33. exd5 a5
34. b3 Rxd5 35. Ne3 Rc5 36. Ra6 Ne5 37. Ra7 Kg8 38. h3 Rfc8 39. Re1 Nd3 40. Rf1
Ne5 41. Rd1 h5 42. Rd5 Rxd5 43. Nxd5 Rc5 44. Ne3 h4 45. Kg1 g5 46. Kf1 Nd3 47.
Nc4 Rf5+ 48. Ke2 Nc1+ 49. Ke3 Nxa2 50. Nxa5 Re5+ 51. Kf3 Rc5 52. Nb7 Rc2 53.
Nd6 Nc1 54. Kg4 Nxb3 55. Nf5 Rxg2+ 56. Kh5 g4 0-1

[Event "4. Internacional Cidade de São Paulo"]
[Site "São Paulo BRA"]
[Date "2005.11.12"]
[Round "3.2"]
[White "Vescovi, Giovanni Portilho"]
[Black "Fier, Alexandr Hilario"]
[Result "0-1"]
[WhiteElo "2646"]
[BlackElo "2443"]
[PlyCount "90"]
[EventDate "2005.11.10"]
[EventType "tourn"]
[EventRounds "9"]
[EventCountry "BRA"]
[EventCategory "11"]
[Source "lmi"]
[SourceDate "2005.11.18"]

1. e4 c5 2. Nf3 d6 3. d4 cxd4 4. Nxd4 Nf6 5. Nc3 Nc6 6. f3 e6 7. Be3 a6 8. Qd2
Bd7 9. g4 Be7 10. O-O-O b5 11. g5 Nh5 12. Nxc6 Bxc6 13. Bh3 g6 14. Bg4 Qc7 15.
Kb1 b4 16. Ne2 d5 17. Bxh5 gxh5 18. e5 a5 19. Bd4 Bb5 20. Ng3 h4 21. Nh5 a4 22.
Nf6+ Kd8 23. b3 Kc8 24. Rhg1 Kb7 25. Rg4 Qa5 26. Bb2 axb3 27. axb3 Rhc8 28. Kc1
Qa2 29. Nxd5 exd5 30. Qxd5+ Kb6 31. Rdd4 Bc5 32. Qxf7 Bxd4 33. Bxd4+ Ka6 34.
Qxh7 Rc6 35. Kd2 Qa5 36. Rf4 Qd8 37. Ke3 Rc7 38. Qg6+ Rc6 39. Rf6 Rac8 40. Qf7
R8c7 41. Rxc6+ Bxc6 42. Qf6 Qd5 43. e6 Be8 44. f4 Bh5 45. c4 Qf3+ 0-1

[Event "4. Internacional Cidade de São Paulo"]
[Site "São Paulo BRA"]
[Date "2005.11.12"]
[Round "3.3"]
[White "Rodriguez, Andres"]
[Black "Galego, Luis"]
[Result "1/2-1/2"]
[WhiteElo "2479"]
[BlackElo "2522"]
[PlyCount "125"]
[EventDate "2005.11.10"]
[EventType "tourn"]
[EventRounds "9"]
[EventCountry "BRA"]
[EventCategory "11"]
[Source "lmi"]
[SourceDate "2005.11.18"]

1. e4 d5 2. exd5 Qxd5 3. Nc3 Qd6 4. d4 Nf6 5. Bc4 a6 6. Nge2 Qc6 7. Qd3 Qxg2 8.
Rg1 Qh3 9. Qxh3 Bxh3 10. Nf4 Bf5 11. Nfd5 Kd8 12. Nxf6 exf6 13. Bf4 g5 14. Bg3
Nd7 15. O-O-O Bg6 16. h4 h6 17. f4 Nb6 18. Be2 Be7 19. Bf3 Rb8 20. Rde1 Re8 21.
h5 Bf5 22. Nd5 Nxd5 23. Bxd5 Bd6 24. Bxf7 Rxe1+ 25. Rxe1 Kd7 26. Rf1 Bh3 27.
Rf2 Rf8 28. Bg6 f5 29. Kd2 Bg4 30. Bh2 Bxf4+ 31. Bxf4 gxf4 32. Rxf4 Ke6 33. Ke3
Kf6 34. c4 Kg5 35. d5 b6 36. b4 Bxh5 37. Bxh5 Kxh5 38. c5 Kg5 39. Rd4 Re8+ 40.
Kf3 bxc5 41. bxc5 Rd8 42. d6 cxd6 43. c6 h5 44. Ra4 Ra8 45. Rd4 Rc8 46. Rxd6 h4
47. a4 a5 48. Re6 h3 49. Kg3 Rh8 50. Kh2 Kf4 51. c7 Rc8 52. Rc6 Kf3 53. Rc3+
Kg4 54. Rg3+ Kf4 55. Rc3 Ke5 56. Kxh3 Kd6 57. Kg3 Rxc7 58. Rxc7 Kxc7 59. Kf4
Kd6 60. Kxf5 Kc5 61. Ke4 Kb4 62. Kd3 Kxa4 63. Kc2 1/2-1/2

[Event "4. Internacional Cidade de São Paulo"]
[Site "São Paulo BRA"]
[Date "2005.11.12"]
[Round "3.4"]
[White "Sunye Neto, Jaime"]
[Black "Milos Jr, Gilberto"]
[Result "0-1"]
[WhiteElo "2522"]
[BlackElo "2620"]
[PlyCount "74"]
[EventDate "2005.11.10"]
[EventType "tourn"]
[EventRounds "9"]
[EventCountry "BRA"]
[EventCategory "11"]
[Source "lmi"]
[SourceDate "2005.11.18"]

1. c4 g6 2. Nc3 Bg7 3. d4 Nf6 4. e4 d6 5. Nf3 O-O 6. Be2 e5 7. O-O Nc6 8. d5
Ne7 9. b4 Nh5 10. g3 f5 11. Ng5 Nf6 12. f3 c6 13. Be3 Bh6 14. Qd2 Nh5 15. f4
exf4 16. gxf4 fxe4 17. Bxh5 gxh5 18. Ncxe4 Nf5 19. Bf2 Bg7 20. Rad1 h6 21. Ne6
Bxe6 22. dxe6 Qe8 23. Nxd6 Qg6+ 24. Kh1 Nxd6 25. Qxd6 Qe4+ 26. Kg1 Rxf4 27. e7
Re8 28. Rfe1 Rg4+ 29. Bg3 Bd4+ 30. Qxd4 Qxd4+ 31. Rxd4 Rxd4 32. c5 Kf7 33. Bd6
Rxb4 34. Rf1+ Ke6 35. Rf8 Kd7 36. Rf6 Rd4 37. Rxh6 Rd5 0-1

[Event "4. Internacional Cidade de São Paulo"]
[Site "São Paulo BRA"]
[Date "2005.11.12"]
[Round "3.5"]
[White "Limp, Eduardo Thelio"]
[Black "Leitao, Rafael Duailibe"]
[Result "0-1"]
[WhiteElo "2447"]
[BlackElo "2586"]
[PlyCount "50"]
[EventDate "2005.11.10"]
[EventType "tourn"]
[EventRounds "9"]
[EventCountry "BRA"]
[EventCategory "11"]
[Source "lmi"]
[SourceDate "2005.11.18"]

1. Nf3 Nf6 2. c4 g6 3. d4 Bg7 4. Nc3 O-O 5. e4 d6 6. Be2 c5 7. d5 e6 8. O-O Re8
9. Nd2 Na6 10. f4 exd5 11. cxd5 Rb8 12. Bf3 Nb4 13. e5 dxe5 14. fxe5 Nfxd5 15.
Nxd5 Nxd5 16. Nc4 Nb6 17. Nd6 Rf8 18. Bf4 Be6 19. Rc1 Qc7 20. b3 Nc8 21. Qd2
Ne7 22. Qf2 b6 23. Rfd1 Rbd8 24. Qe2 Nf5 25. b4 c4 0-1

[Event "4. Internacional Cidade de São Paulo"]
[Site "São Paulo BRA"]
[Date "2005.11.13"]
[Round "4.1"]
[White "Matsuura, Everaldo"]
[Black "Leitao, Rafael Duailibe"]
[Result "1/2-1/2"]
[WhiteElo "2453"]
[BlackElo "2586"]
[PlyCount "86"]
[EventDate "2005.11.10"]
[EventType "tourn"]
[EventRounds "9"]
[EventCountry "BRA"]
[EventCategory "11"]
[Source "lmi"]
[SourceDate "2005.11.18"]

1. e4 c5 2. Nf3 Nc6 3. d4 cxd4 4. Nxd4 e6 5. Nc3 a6 6. Be3 Nf6 7. Nxc6 bxc6 8.
e5 Nd5 9. Nxd5 cxd5 10. Bd3 Qc7 11. Bd4 Bc5 12. Bxc5 Qxc5 13. Qg4 O-O 14. O-O
a5 15. Rae1 Ba6 16. Re3 Bxd3 17. cxd3 Qb4 18. d4 f5 19. exf6 Rxf6 20. b3 Rc8
21. Qd1 Rff8 22. g3 a4 23. bxa4 Rc4 24. a3 Qb6 25. Rd3 Ra8 26. Qg4 Rcxa4 27.
Rc1 Rc4 28. Rcd1 Qd6 29. Qf3 Rc2 30. h4 h6 31. Rb1 Ra2 32. Rbb3 Rf8 33. Qe3 Qc6
34. Rdc3 Qa6 35. Rd3 Qc4 36. Rbc3 Ra1+ 37. Kg2 Qa2 38. Rb3 Qc2 39. Qd2 Qc4 40.
Rbc3 Qb5 41. Rb3 Qc4 42. Rbc3 Qb5 43. Rb3 Qc4 1/2-1/2

[Event "4. Internacional Cidade de São Paulo"]
[Site "São Paulo BRA"]
[Date "2005.11.13"]
[Round "4.2"]
[White "Milos Jr, Gilberto"]
[Black "Limp, Eduardo Thelio"]
[Result "1-0"]
[WhiteElo "2620"]
[BlackElo "2447"]
[PlyCount "103"]
[EventDate "2005.11.10"]
[EventType "tourn"]
[EventRounds "9"]
[EventCountry "BRA"]
[EventCategory "11"]
[Source "lmi"]
[SourceDate "2005.11.18"]

1. e4 c5 2. Nf3 b6 3. d4 cxd4 4. Nxd4 Bb7 5. Nc3 Nf6 6. f3 Nc6 7. Bf4 Rc8 8.
Qd2 Nxd4 9. Qxd4 e6 10. Nb5 Rxc2 11. Qa4 Qc8 12. Kd1 Rxb2 13. Rc1 Bc6 14. Qxa7
Rxb5 15. Bxb5 Bc5 16. Bxc6 dxc6 17. Rxc5 bxc5 18. Bd6 Qd8 19. Qxc5 Qa8 20. Kc1
Nd7 21. Qg5 Qd8 22. Qxg7 Qf6 23. Qxf6 Nxf6 24. Rd1 Rg8 25. Rd2 Rg5 26. Kc2 Ra5
27. Kb3 Rb5+ 28. Kc3 Ra5 29. Bb4 Ra6 30. Kb3 Nd7 31. a4 c5 32. Bc3 Kd8 33. a5
Kc7 34. Kc4 Rc6 35. Rd3 e5 36. Rd5 f6 37. g4 Ra6 38. h4 Ra8 39. Rd1 Kc6 40. Rb1
Ra6 41. Rb5 Kc7 42. Bd2 Rc6 43. Be3 Kd6 44. Rb7 Rc8 45. Ra7 Rb8 46. Ra6+ Ke7
47. Bxc5+ Nxc5 48. Kxc5 Rb3 49. Ra7+ Ke6 50. Rxh7 Rxf3 51. a6 Rc3+ 52. Kb6 1-0

[Event "4. Internacional Cidade de São Paulo"]
[Site "São Paulo BRA"]
[Date "2005.11.13"]
[Round "4.3"]
[White "Galego, Luis"]
[Black "Sunye Neto, Jaime"]
[Result "1-0"]
[WhiteElo "2522"]
[BlackElo "2522"]
[PlyCount "69"]
[EventDate "2005.11.10"]
[EventType "tourn"]
[EventRounds "9"]
[EventCountry "BRA"]
[EventCategory "11"]
[Source "lmi"]
[SourceDate "2005.11.18"]

1. e4 c5 2. Nf3 e6 3. Nc3 a6 4. g3 b5 5. Bg2 Bb7 6. d3 d5 7. exd5 exd5 8. O-O
Be7 9. d4 c4 10. Ne5 Nf6 11. a4 b4 12. Ne2 Ra7 13. g4 O-O 14. Ng3 g6 15. f4 Nc6
16. Be3 Ba8 17. f5 Qb6 18. a5 Nxa5 19. Bh6 Ne4 20. fxg6 hxg6 21. Bxf8 Bxf8 22.
Nxe4 dxe4 23. Kh1 Nc6 24. Nxc6 Qxc6 25. Ra5 c3 26. bxc3 Qxc3 27. Re5 Rd7 28.
Re8 Rxd4 29. Qc1 Bc6 30. Rc8 Qc5 31. Qf4 Rd7 32. Qf6 Bb5 33. Rxc5 Bxc5 34. Qe5
Ba7 35. Qxe4 1-0

[Event "4. Internacional Cidade de São Paulo"]
[Site "São Paulo BRA"]
[Date "2005.11.13"]
[Round "4.4"]
[White "Fier, Alexandr Hilario"]
[Black "Rodriguez, Andres"]
[Result "0-1"]
[WhiteElo "2443"]
[BlackElo "2479"]
[PlyCount "124"]
[EventDate "2005.11.10"]
[EventType "tourn"]
[EventRounds "9"]
[EventCountry "BRA"]
[EventCategory "11"]
[Source "lmi"]
[SourceDate "2005.11.18"]

1. d4 e6 2. c4 Nf6 3. Nf3 Bb4+ 4. Bd2 Qe7 5. e3 O-O 6. Bxb4 Qxb4+ 7. Qd2 Qe7 8.
Nc3 d6 9. Be2 e5 10. O-O e4 11. Ne1 Re8 12. Nc2 Bf5 13. Rae1 Nbd7 14. f4 exf3
15. Bxf3 Ne4 16. Nxe4 Bxe4 17. Bxe4 Qxe4 18. Rf4 Qg6 19. Nb4 Nf6 20. Qc2 c5 21.
Qxg6 hxg6 22. Nd3 b6 23. d5 Re7 24. Rf2 Re4 25. Rf4 Re7 26. Rf2 a6 27. a4 Rb8
28. Rfe2 b5 29. axb5 axb5 30. cxb5 c4 31. Nf2 Nxd5 32. e4 Nf4 33. Rc2 d5 34. g3
Nd3 35. Nxd3 cxd3 36. Rd2 dxe4 37. Rxd3 Rxb5 38. Rd4 f5 39. b4 Reb7 40. Rb1 Kf7
41. Kf2 Ke6 42. Ke3 g5 43. g4 g6 44. Rc1 Ke5 45. gxf5 gxf5 46. Rd8 f4+ 47. Ke2
R7b6 48. Rg8 Kf5 49. Rc4 Re5 50. h3 Rf6 51. Rd4 e3 52. h4 g4 53. Rdd8 f3+ 54.
Kd3 f2 55. Ke2 Re4 56. h5 Kf4 57. Rdf8 Rxf8 58. Rxf8+ Kg5 59. b5 g3 60. b6 Rb4
61. Rf3 Rb2+ 62. Kxe3 Rb3+ 0-1

[Event "4. Internacional Cidade de São Paulo"]
[Site "São Paulo BRA"]
[Date "2005.11.13"]
[Round "4.5"]
[White "Lima, Darcy Gustavo"]
[Black "Vescovi, Giovanni Portilho"]
[Result "1/2-1/2"]
[WhiteElo "2529"]
[BlackElo "2646"]
[PlyCount "77"]
[EventDate "2005.11.10"]
[EventType "tourn"]
[EventRounds "9"]
[EventCountry "BRA"]
[EventCategory "11"]
[Source "lmi"]
[SourceDate "2005.11.18"]

1. e4 e5 2. Nf3 Nc6 3. Bb5 a6 4. Ba4 Nf6 5. O-O Be7 6. Re1 b5 7. Bb3 d6 8. c3
O-O 9. d4 Bg4 10. a4 Bxf3 11. gxf3 Qd7 12. dxe5 Nxe5 13. f4 Nc4 14. Bc2 Rad8
15. b3 Nb6 16. a5 Nc8 17. c4 Rfe8 18. Nc3 b4 19. Ne2 Qh3 20. Ng3 Ng4 21. Nf1
Bh4 22. Re2 Qf3 23. Ng3 Nf6 24. Qd3 Qg4 25. Kg2 Nd7 26. e5 Nf8 27. Qf5 Qxf5 28.
Nxf5 Be7 29. Bb2 Ne6 30. Kg3 dxe5 31. fxe5 Bc5 32. f4 Ne7 33. Nxe7+ Rxe7 34. f5
Nd4 35. Bxd4 Bxd4 36. Rd1 Kf8 37. Kf3 c5 38. e6 Rd6 39. Rde1 1/2-1/2

[Event "4. Internacional Cidade de São Paulo"]
[Site "São Paulo BRA"]
[Date "2005.11.14"]
[Round "5.1"]
[White "Vescovi, Giovanni Portilho"]
[Black "Matsuura, Everaldo"]
[Result "1/2-1/2"]
[WhiteElo "2646"]
[BlackElo "2453"]
[PlyCount "108"]
[EventDate "2005.11.10"]
[EventType "tourn"]
[EventRounds "9"]
[EventCountry "BRA"]
[EventCategory "11"]
[Source "lmi"]
[SourceDate "2005.11.18"]

1. e4 c5 2. Nf3 Nc6 3. d4 cxd4 4. Nxd4 Nf6 5. Nc3 e5 6. Ndb5 d6 7. Bg5 a6 8.
Na3 b5 9. Nd5 Be7 10. Bxf6 Bxf6 11. c3 Ne7 12. Nxf6+ gxf6 13. Bd3 Bb7 14. Qe2
Rg8 15. g3 f5 16. O-O-O Qb6 17. Rhe1 fxe4 18. Bxe4 O-O-O 19. f4 Bxe4 20. Qxe4
f5 21. Qb4 Qc7 22. Nc2 e4 23. a4 Qc5 24. axb5 Qxb4 25. Nxb4 axb5 26. Nd5 Ng6
27. Ne3 Ne7 28. Nd5 Nc6 29. Rd2 h5 30. Ne3 Ne7 31. Red1 Rg6 32. Kc2 h4 33. gxh4
Rh8 34. Rxd6 Rxd6 35. Rxd6 Rxh4 36. Re6 Kd8 37. Kb3 Rh3 38. Nc2 Rxh2 39. Nd4
Rf2 40. Re5 Kd7 41. Rxb5 Rxf4 42. Kc4 Rf2 43. b4 e3 44. Re5 f4 45. b5 Rb2 46.
Kc5 e2 47. c4 Ng6 48. Re4 Kc7 49. Nxe2 f3 50. Ng3 f2 51. Re3 Rb1 52. Rf3 Ne5
53. Rf5 Nd7+ 54. Kd4 Rg1 1/2-1/2

[Event "4. Internacional Cidade de São Paulo"]
[Site "São Paulo BRA"]
[Date "2005.11.14"]
[Round "5.2"]
[White "Rodriguez, Andres"]
[Black "Lima, Darcy Gustavo"]
[Result "1-0"]
[WhiteElo "2479"]
[BlackElo "2529"]
[PlyCount "91"]
[EventDate "2005.11.10"]
[EventType "tourn"]
[EventRounds "9"]
[EventCountry "BRA"]
[EventCategory "11"]
[Source "lmi"]
[SourceDate "2005.11.18"]

1. e4 e5 2. Nf3 Nf6 3. Nxe5 d6 4. Nf3 Nxe4 5. Nc3 Nf6 6. d4 d5 7. Bd3 Be7 8.
Bf4 O-O 9. Qd2 b6 10. Ne5 c5 11. O-O-O Bb7 12. Rhe1 cxd4 13. Nb5 Bc5 14. Bg5 a6
15. Nc7 Ra7 16. Qf4 Bc8 17. Qh4 h6 18. Nxd5 Qxd5 19. Bxf6 Qe6 20. Qe4 Qf5 21.
Qxf5 Bxf5 22. Bxg7 Kxg7 23. Bxf5 Re8 24. Rd3 Rae7 25. f4 Nc6 26. Rg3+ Kf6 27.
Bd7 Nxe5 28. fxe5+ Rxe5 29. Rf1+ Ke7 30. Bxe8 Kxe8 31. Rg8+ Kd7 32. Rxf7+ Kc6
33. Rg6+ Kb5 34. Rf3 Bb4 35. c3 dxc3 36. bxc3 Be7 37. Kc2 Bg5 38. Kb3 Ka5 39.
h4 Bc1 40. g4 Re2 41. Rff6 Rd2 42. c4 Rg2 43. Rf5+ b5 44. cxb5 axb5 45. a4 Rb2+
46. Kc3 1-0